[Event "40th Olympiad Women"]
[Site "Istanbul TUR"]
[Date "2012.09.07"]
[Round "10.37"]
[Board "2"]
[White "Gamboa Alvarado, Leticia"]
[Black "Sotomayor Villatoro, Silvi"]
[Result "1-0"]
[BlackTitle "WIM"]
[WhiteElo "1890"]
[BlackElo "1885"]
[WhiteTeam "Costa Rica"]
[BlackTeam "Guatemala"]
[WhiteFideId "6502270"]
[BlackFideId "7301057"]
[EventDate "2012.08.28"]

1. d4 f5 2. e4 fxe4 3. Nc3 Nf6 4. Bg5 d6 5. Bc4 Bg4 6. Nge2 Nbd7 7. h3 Bh5 8. g4
Bf7 9. Bxf7+ Kxf7 10. Nf4 c6 11. d5 h6 12. Bxf6 Nxf6 13. Qe2 g5 14. Nh5 cxd5 15.
Nxf6 exf6 16. Qb5 Qb6 17. Qxd5+ Kg7 18. O-O-O Re8 19. Nxe4 Re5 20. Qd3 d5 21.
Ng3 Bc5 22. Nf5+ Kf7 23. Rhe1 Rhe8 24. Nxh6+ Kg7 25. Nf5+ Kf7 26. Rxe5 Rxe5 27.
c4 Bxf2 28. cxd5 Be3+ 29. Kb1 Bf4 30. d6 Rb5 31. Qc4+ 1-0

[Event "40th Olympiad Women"]
[Site "Istanbul TUR"]
[Date "2012.09.07"]
[Round "10.37"]
[Board "3"]
[White "Mencos, Claudia"]
[Black "Acevedo Mendez, Lisseth"]
[Result "1/2-1/2"]
[WhiteTitle "WIM"]
[WhiteElo "2035"]
[BlackElo "1843"]
[WhiteTeam "Guatemala"]
[BlackTeam "Costa Rica"]
[WhiteFideId "7300573"]
[BlackFideId "6502938"]
[EventDate "2012.08.28"]

1. e4 e5 2. Nf3 Nc6 3. Bb5 a6 4. Ba4 Nf6 5. d3 b5 6. Bb3 Bc5 7. c3 Bb6 8. Nbd2
O-O 9. Nf1 d5 10. Qe2 dxe4 11. dxe4 Ng4 12. Ne3 Nxe3 13. Bxe3 Rb8 14. Bg5 Qd6
15. Rd1 Qg6 16. Bd5 Bg4 17. Bh4 Qh5 18. Bg3 Ne7 19. h3 Ng6 20. Kd2 Bxf3 21. Qxf3
Qxf3 22. gxf3 Nf4 23. Kc2 Rfd8 24. Bb7 a5 25. Bc6 b4 26. h4 f6 27. c4 Ne2 28.
Bd5+ Kf8 29. h5 c6 30. Bxc6 Nd4+ 31. Rxd4 Rxd4 32. Bd5 a4 33. b3 a3 34. f4 f5
35. f3 Ke7 36. fxe5 fxe4 37. Bh4+ Ke8 38. fxe4 Bd8 39. Bf2 Bb6 40. Rf1 Bc5 41.
Bg3 Be7 42. e6 Rb6 43. Rf7 Bg5 44. Rf2 Bf6 45. Re2 Ke7 46. e5 Bh4 47. Bh2 Rg4
48. Bf3 Rg5 49. Bd5 Rb8 50. h6 Rf8 51. hxg7 Rxg7 52. Kd3 Rf2 53. Ke3 Rf1 54. Bf4
Re1 55. Rxe1 Bxe1 56. Ke2 Bc3 57. Be3 Bxe5 58. Bc5+ Bd6 59. Be3 h5 60. c5 Bc7
61. Bd2 Ba5 62. Be1 Ke8 63. Bh4 Kf8 64. e7+ Rxe7+ 65. Bxe7+ Kxe7 66. Kd3 Kf6 67.
Kc4 Ke5 68. Bg2 h4 69. Kb5 Bc7 70. Kxb4 Kd4 71. Bf1 Bf4 72. Kxa3 Kxc5 73. b4+
Kb6 74. Kb3 Be3 75. a4 Ka7 76. a5 Bf2 77. b5 Bg1 78. Kc4 Bf2 79. Kd5 Be1 80. b6+
Kb7 1/2-1/2

[Event "40th Olympiad Women"]
[Site "Istanbul TUR"]
[Date "2012.09.07"]
[Round "10.37"]
[Board "4"]
[White "Nunez Gonzalez, Neeshmy"]
[Black "Mencos Castillo, Maria"]
[Result "0-1"]
[WhiteElo "1828"]
[BlackElo "1721"]
[WhiteTeam "Costa Rica"]
[BlackTeam "Guatemala"]
[WhiteFideId "6504396"]
[BlackFideId "7300867"]
[EventDate "2012.08.28"]

1. d4 Nf6 2. Nf3 e6 3. Bg5 c5 4. Bxf6 Qxf6 5. e3 cxd4 6. exd4 Nc6 7. c3 d5 8.
Bd3 g6 9. Nbd2 Bg7 10. O-O O-O 11. Re1 Qd8 12. Qb3 a6 13. Rad1 b5 14. a4 Na5 15.
Qc2 Bd7 16. axb5 axb5 17. Nb3 Nxb3 18. Qxb3 Qc7 19. Ra1 Rfb8 20. Rxa8 Rxa8 21.
g3 Qa5 22. Ne5 Be8 23. Bf1 Bf8 24. Nd3 Rc8 25. Rb1 Bd6 26. f4 f6 27. Bh3 Bd7 28.
Re1 Kf7 29. Bg2 Rc4 30. g4 b4 31. cxb4 Bxb4 32. Nxb4 Qxb4 33. Qxb4 Rxb4 34. f5
gxf5 35. gxf5 Rxb2 36. fxe6+ Bxe6 37. Rd1 Kg6 38. Re1 Bf7 39. Rd1 f5 40. Rd3 f4
41. Rf3 Kg5 42. Rd3 Bg6 43. Rd1 Be4 44. Bf1 f3 45. Bh3 Kh4 46. Be6 Rg2+ 0-1

[Event "40th Olympiad Women"]
[Site "Istanbul TUR"]
[Date "2012.09.07"]
[Round "10.38"]
[Board "1"]
[White "Greeff, Melissa"]
[Black "Mir Mahmoud, Afamia"]
[Result "1-0"]
[WhiteTitle "WGM"]
[WhiteElo "2091"]
[BlackElo "1970"]
[WhiteTeam "South Africa"]
[BlackTeam "Syria"]
[WhiteFideId "14301504"]
[BlackFideId "7600674"]
[EventDate "2012.08.28"]

1. e4 c5 2. Nf3 e6 3. d3 Nc6 4. g3 d5 5. Nbd2 Nf6 6. Bg2 Be7 7. O-O O-O 8. Re1
Qc7 9. Qe2 b5 10. e5 Nd7 11. h4 a5 12. Nf1 a4 13. a3 b4 14. Bf4 Ba6 15. N1h2 c4
16. Qd1 bxa3 17. bxa3 cxd3 18. cxd3 Nc5 19. Bf1 Nb3 20. Ra2 Bc5 21. Ng4 Rfc8 22.
Ng5 Qe7 23. h5 h6 24. Nh3 Kh7 25. d4 Bxf1 26. Qb1+ Kg8 27. Kxf1 Ncxd4 28. Bxh6
gxh6 29. Nf6+ Kf8 30. Qh7 Qa7 31. Nf4 Nf3 32. Rd1 Bd4 33. Ng6+ fxg6 34. Nd7+ Ke8
35. hxg6 Qxd7 36. g7 Qxg7 37. Qxg7 Bxe5 38. Qg6+ Kd7 39. Qf7+ Kd6 40. Qxf3 Rf8
41. Qg4 Rg8 42. Qb4+ Kd7 43. Qb7+ Bc7 44. Rc2 Rgc8 45. Rxc7+ 1-0

[Event "40th Olympiad Women"]
[Site "Istanbul TUR"]
[Date "2012.09.07"]
[Round "10.38"]
[Board "4"]
[White "Stef, Shirin"]
[Black "Tlale, Tshepang"]
[Result "1/2-1/2"]
[BlackTitle "WFM"]
[WhiteElo "1942"]
[BlackElo "1782"]
[WhiteTeam "Syria"]
[BlackTeam "South Africa"]
[WhiteFideId "7602030"]
[BlackFideId "14304503"]
[EventDate "2012.08.28"]

1. d4 d5 2. Nf3 e6 3. Bf4 c5 4. c3 Nc6 5. e3 Qb6 6. Qc2 Nf6 7. Nbd2 cxd4 8. exd4
Bd7 9. Bd3 Rc8 10. Qb3 Nh5 11. Bg3 Nxg3 12. hxg3 h6 13. Qxb6 axb6 14. g4 Bd6 15.
g5 h5 16. g6 Bf4 17. gxf7+ Kxf7 18. g3 Bh6 19. Ke2 g6 20. Nh4 Rhg8 21. Rae1 e5
22. dxe5 Nxe5 23. f4 Nxd3 24. Kxd3 Bb5+ 25. Kc2 Rge8 26. Ndf3 Re4 27. Ne5+ Kf6
28. Nhf3 Bf8 29. Rxe4 dxe4 30. Nd4 Bc6 31. Re1 Be8 32. Rxe4 b5 33. Nd3 Bd7 34.
Kd2 Re8 35. Ne5 Bf5 36. Nxf5 Kxf5 37. Kd3 Rd8+ 38. Rd4 Rxd4+ 39. cxd4 Bd6 40.
Nf7 Bc7 41. Ne5 g5 42. Ke3 gxf4+ 43. gxf4 h4 44. Kf3 h3 45. Kg3 h2 46. Kxh2 Kxf4
47. Kg2 Bxe5 48. dxe5 Kxe5 49. Kf3 Kd4 50. Ke2 b4 51. Kd2 b6 52. Kc2 b5 53. Kd2
Ke4 54. Kc2 Kd4 1/2-1/2

[Event "40th Olympiad Women"]
[Site "Istanbul TUR"]
[Date "2012.09.07"]
[Round "10.39"]
[Board "1"]
[White "Ptacnikova, Lenka"]
[Black "Mona, Khaled"]
[Result "1-0"]
[WhiteTitle "WGM"]
[BlackTitle "WGM"]
[WhiteElo "2281"]
[BlackElo "2121"]
[WhiteTeam "Iceland"]
[BlackTeam "Egypt"]
[WhiteFideId "305650"]
[BlackFideId "10605908"]
[EventDate "2012.08.28"]

1. c4 e5 2. g3 Nf6 3. Bg2 Nc6 4. Nf3 d5 5. cxd5 Nxd5 6. O-O Bc5 7. Nc3 Nxc3 8.
bxc3 O-O 9. d3 f6 10. Ba3 Bxa3 11. Qb3+ Kh8 12. Qxa3 Be6 13. Rab1 Rb8 14. Rfd1
Qe7 15. Qxe7 Nxe7 16. Rb2 Rfd8 17. Rdb1 b6 18. d4 Ng6 19. e3 Bd5 20. h4 Rbc8 21.
a4 c5 22. h5 Bxf3 23. Bxf3 Ne7 24. dxe5 fxe5 25. a5 bxa5 26. Rb7 Nd5 27. Rxa7 e4
28. Bg4 Nxc3 29. Rb3 Nd5 30. Bxc8 Rxc8 31. Rxa5 Kg8 32. Rbb5 Nb4 33. Rxc5 Rd8
34. Rc4 Rd1+ 35. Kg2 Nd3 36. Rxe4 Rd2 37. Rf5 g6 38. hxg6 hxg6 39. Rf6 Kg7 40.
Ree6 g5 41. g4 Re2 42. Ra6 Nb4 43. Rg6+ Kf7 44. Raf6+ Ke7 45. Rf5 Nc2 46. Re5+
Kf7 47. Rgxg5 Rd2 48. Rgf5+ Kg7 49. Re7+ Kg6 50. Re6+ Kg7 51. g5 Re2 52. g6 1-0

[Event "40th Olympiad Women"]
[Site "Istanbul TUR"]
[Date "2012.09.07"]
[Round "10.39"]
[Board "2"]
[White "Wafa, Shrook"]
[Black "Thorsteinsdottir, Hallgerdur"]
[Result "1/2-1/2"]
[WhiteTitle "WFM"]
[WhiteElo "1911"]
[BlackElo "1957"]
[WhiteTeam "Egypt"]
[BlackTeam "Iceland"]
[WhiteFideId "10609970"]
[BlackFideId "2302454"]
[EventDate "2012.08.28"]

1. e4 c6 2. d4 d5 3. Nc3 dxe4 4. Nxe4 Nd7 5. Ng5 Ngf6 6. Bd3 e6 7. N1f3 Bd6 8.
Qe2 h6 9. Ne4 Nxe4 10. Qxe4 Nf6 11. Qe2 Qc7 12. Bd2 b6 13. O-O-O Bb7 14. Ne5 c5
15. Bb5+ Ke7 16. dxc5 Qxc5 17. Rhe1 Be4 18. Bd3 Qxe5 19. Bxe4 Qxe4 20. Qxe4 Nxe4
21. Rxe4 Rhd8 22. Bc3 g6 23. Bd2 h5 24. h3 Rac8 25. Ra4 Rd7 26. Rd4 Rcd8 27. Be3
f6 28. R4d3 g5 29. c4 Bb4 30. Kc2 Rxd3 31. Rxd3 Rxd3 32. Kxd3 Kd7 33. a3 Be7 34.
g4 hxg4 35. hxg4 f5 36. f3 Kc6 37. b4 a6 38. Bd2 Bf6 39. Bc3 Be7 40. Bg7 Bd6 41.
Kd4 Bf4 42. a4 b5 43. cxb5+ axb5 44. a5 Bd6 45. Kc3 Be7 46. Bd4 Kb7 47. Be3 Bf6+
48. Kd3 Be7 49. Bd2 Kc6 50. Kc3 Bf6+ 51. Kb3 Be7 52. Be3 Kb7 53. Kc3 Bf6+ 54.
Kd3 Be7 55. Bd2 Kc6 56. Bc3 Bd8 57. Bd4 Kb7 58. Bc5 Bf6 59. Ke3 Ka6 60. Kd2 Bd8
61. Kd3 Kb7 62. Bf8 Bf6 63. Bd6 Kc6 64. Bc5 Kb7 65. Bd4 Be7 66. Bc3 Kc6 67. Bd2
Bf6 1/2-1/2

[Event "40th Olympiad Women"]
[Site "Istanbul TUR"]
[Date "2012.09.07"]
[Round "10.39"]
[Board "3"]
[White "Johannsdottir, Johanna Bjorg"]
[Black "Wafa, Shahenda"]
[Result "1-0"]
[BlackTitle "WFM"]
[WhiteElo "1886"]
[BlackElo "1830"]
[WhiteTeam "Iceland"]
[BlackTeam "Egypt"]
[WhiteFideId "2303108"]
[BlackFideId "10609962"]
[EventDate "2012.08.28"]

1. e4 c5 2. Nf3 Nc6 3. d4 cxd4 4. Nxd4 Nf6 5. Nc3 e5 6. Ndb5 d6 7. Bg5 a6 8. Na3
b5 9. Nd5 Qa5+ 10. Bd2 Qd8 11. Bd3 Nxd5 12. exd5 Ne7 13. c4 bxc4 14. Nxc4 Ng6
15. O-O Rb8 16. Rc1 Be7 17. Ba5 Qd7 18. Nb6 Qb7 19. Qa4+ Bd7 20. Nxd7 Qxd7 21.
Qxd7+ Kxd7 22. Bf5+ Ke8 23. Rc8+ Rxc8 24. Bxc8 Bd8 25. Bb4 a5 26. Bxd6 f6 27. g3
Be7 28. Bc7 Bd8 29. d6 Kf7 30. Rc1 e4 31. Bf5 Re8 32. d7 Rh8 33. Bxe4 Ne5 34.
Bf5 Ke7 35. Bxd8+ Rxd8 36. Rc5 g6 37. Bh3 Nd3 38. Rb5 f5 39. Bf1 Nc1 40. Rxa5
Rxd7 41. b4 Rb7 42. b5 Kd6 43. Ra6+ Ke5 44. f4+ Kd4 45. Rd6+ Ke3 46. a4 Ra7 47.
Ra6 Rb7 48. Rc6 Nb3 49. Rc3+ 1-0

[Event "40th Olympiad Women"]
[Site "Istanbul TUR"]
[Date "2012.09.07"]
[Round "10.39"]
[Board "4"]
[White "Abdelmenaem, Sohayla"]
[Black "Finnbogadottir, Tinna Kristin"]
[Result "1/2-1/2"]
[WhiteElo "1732"]
[BlackElo "1832"]
[WhiteTeam "Egypt"]
[BlackTeam "Iceland"]
[WhiteFideId "10610529"]
[BlackFideId "2300214"]
[EventDate "2012.08.28"]

1. d4 d5 2. Nf3 c6 3. e3 Nf6 4. Bd3 Nbd7 5. b3 e6 6. Bb2 Bd6 7. O-O O-O 8. Ne5
Ne4 9. Nd2 f5 10. f4 Rf6 11. Rf3 Rh6 12. Qe2 Ndf6 13. Rh3 Rxh3 14. gxh3 Bd7 15.
Nxd7 Qxd7 16. Nf3 Rf8 17. Kh1 Qe8 18. Rg1 Qh5 19. Qg2 Ne8 20. Be2 Rf6 21. Ng5
Qh4 22. Nxe4 fxe4 23. Qf1 Rh6 24. Bg4 Kf7 25. Bc3 Qe7 26. Qg2 Bb4 27. Bb2 Kf8
28. f5 exf5 29. Bxf5 Nf6 30. a3 Bd6 31. b4 Bb8 32. Bc3 g6 33. Bg4 Nxg4 34. Qxg4
Qf6 35. Qc8+ Kg7 36. Qxb7+ Qf7 37. Qxb8 Qf3+ 38. Rg2 Qf1+ 39. Rg1 Qf3+ 40. Rg2
Qf1+ 41. Rg1 Qf3+ 42. Rg2 Qf1+ 1/2-1/2

[Event "40th Olympiad Women"]
[Site "Istanbul TUR"]
[Date "2012.09.07"]
[Round "10.40"]
[Board "1"]
[White "Nasriddinzoda, Marvorii"]
[Black "Perez, Eneida"]
[Result "1-0"]
[BlackTitle "WFM"]
[WhiteElo "2023"]
[BlackElo "2070"]
[WhiteTeam "Tajikistan"]
[BlackTeam "Dominican Republic"]
[WhiteFideId "14700395"]
[BlackFideId "602795"]
[EventDate "2012.08.28"]

1. d4 d5 2. Nf3 e6 3. e3 f5 4. Ne5 Nf6 5. Nd2 Bd6 6. Ndf3 O-O 7. b3 Ne4 8. a3
Qf6 9. Bd3 Bd7 10. O-O Be8 11. c4 c6 12. b4 Nd7 13. Bb2 Qh6 14. b5 Nxe5 15. dxe5
Bc7 16. Qc2 g5 17. Nd2 Qg7 18. bxc6 bxc6 19. cxd5 cxd5 20. Nf3 Rf7 21. Nd4 Qh6
22. f4 gxf4 23. exf4 Bb6 24. Rac1 Bd7 25. Qe2 Kh8 26. Bxe4 fxe4 27. g3 Rg8 28.
Qg2 Bb5 29. Rf2 e3 30. Rf3 e2 31. Kh1 Bxd4 32. Bxd4 Bc4 33. Re1 Qg6 34. Qf2 Qe4
35. Kg1 Qf5 36. Bxa7 Ra8 37. Bc5 Rb7 38. Bb4 Rc8 39. Qd4 Ba6 40. Rc3 Rc4 41.
Rxc4 Bxc4 42. Qc5 Kg7 43. Kf2 Qf7 44. Qd4 Qh5 45. Kg2 Qf5 46. h3 h5 47. Qe3 Kg8
48. Kh2 Rd7 49. Qd4 Rf7 50. Rg1 Kh7 51. Bd2 Rg7 52. a4 Qc2 53. a5 Rb7 54. Be1
Qd1 55. Qe3 d4 56. Qe4+ Kh6 57. Qxb7 Bd5 58. Qb4 Qd3 59. g4 Qe4 60. Qf8+ Kh7 61.
Qf7+ Kh8 62. gxh5 1-0

[Event "40th Olympiad Women"]
[Site "Istanbul TUR"]
[Date "2012.09.07"]
[Round "10.40"]
[Board "2"]
[White "Munoz, Doribel"]
[Black "Ilhom, Mootribai"]
[Result "1/2-1/2"]
[WhiteTitle "WCM"]
[WhiteElo "1933"]
[BlackElo "1705"]
[WhiteTeam "Dominican Republic"]
[BlackTeam "Tajikistan"]
[WhiteFideId "6400574"]
[BlackFideId "14700204"]
[EventDate "2012.08.28"]

1. e4 e6 2. d3 d5 3. Nd2 Nf6 4. g3 Be7 5. Bg2 O-O 6. Ngf3 Nbd7 7. O-O Nc5 8. e5
Nfd7 9. Re1 Na6 10. d4 c5 11. c3 b6 12. Nf1 Bb7 13. h4 Rc8 14. a3 Qc7 15. Bf4
cxd4 16. Nxd4 Bc6 17. Nd2 Nac5 18. Nxc6 Qxc6 19. Nf3 Qa4 20. Qe2 Nb3 21. Rad1
Rfd8 22. Bf1 Ndc5 23. Nd4 Ne4 24. Qg4 Nxd4 25. Rxd4 Qe8 26. Bh6 Qf8 27. Rdd1 Kh8
28. Bc1 Nc5 29. Be3 Qe8 30. Qh5 f5 31. Qe2 Qg6 32. Kh2 Ne4 33. Bd4 Rf8 34. Bg2
Nc5 35. f4 Qe8 36. Bf2 Qa4 37. Rd4 Qe8 38. Qc2 Kg8 39. Rc1 Kh8 40. Qd1 Qb5 41.
Rb4 Qd3 42. Rd4 Qb5 43. Rb4 Qd3 44. Rd4 Qb5 45. Rb4 1/2-1/2

[Event "40th Olympiad Women"]
[Site "Istanbul TUR"]
[Date "2012.09.07"]
[Round "10.40"]
[Board "3"]
[White "Odinaeva, Saodat"]
[Black "Aybar Portes, Omaira"]
[Result "1-0"]
[WhiteElo "1741"]
[BlackElo "1844"]
[WhiteTeam "Tajikistan"]
[BlackTeam "Dominican Republic"]
[WhiteFideId "14700255"]
[BlackFideId "6402143"]
[EventDate "2012.08.28"]

1. d4 Nf6 2. Nf3 e6 3. c4 c5 4. e3 Qc7 5. Nc3 a6 6. Be2 Be7 7. O-O O-O 8. b3 d6
9. Bb2 Nbd7 10. Qc2 b6 11. Rfd1 Bb7 12. d5 exd5 13. cxd5 Rfe8 14. e4 Bf8 15. a4
g6 16. Nd2 Bg7 17. f4 Rad8 18. Rf1 Rf8 19. Rae1 Rde8 20. g4 Kh8 21. Qd3 Ng8 22.
Qh3 Bc8 23. Qh4 f6 24. Bd3 Ne7 25. Rf3 Rf7 26. Rh3 Nf8 27. Nf3 Qd7 28. Rg3 Kg8
29. Kh1 Bb7 30. Nd1 b5 31. axb5 axb5 32. Ne3 Ra8 33. Reg1 Qe8 34. R3g2 Nc8 35.
Qg3 Nb6 36. f5 Rd7 37. fxg6 Qxg6 38. Nh4 Qf7 39. Bxb5 Re7 40. Bd3 Nbd7 41. Nhf5
Ne5 42. Nxe7+ Qxe7 43. Nf5 Qd8 44. Bb1 Nfg6 45. h4 Kf7 46. h5 Ne7 47. Nxg7 Kxg7
48. g5 1-0

[Event "40th Olympiad Women"]
[Site "Istanbul TUR"]
[Date "2012.09.07"]
[Round "10.40"]
[Board "4"]
[White "Hazim, Elizabeth"]
[Black "Antonova, Lidiya"]
[Result "1-0"]
[WhiteTitle "WCM"]
[WhiteElo "1834"]
[BlackElo "1762"]
[WhiteTeam "Dominican Republic"]
[BlackTeam "Tajikistan"]
[WhiteFideId "6400183"]
[BlackFideId "14700492"]
[EventDate "2012.08.28"]

1. e4 c5 2. Nc3 e6 3. g3 g6 4. Bg2 Bg7 5. d3 Ne7 6. Be3 d6 7. Nge2 Nbc6 8. Qd2
O-O 9. Bh6 d5 10. exd5 exd5 11. O-O Be6 12. h4 Qd7 13. Bxg7 Kxg7 14. h5 Nf5 15.
Rae1 Rae8 16. Nf4 d4 17. Ne4 b6 18. a3 f6 19. hxg6 hxg6 20. Nxe6+ Rxe6 21. g4
Nh4 22. f3 Nxg2 23. Kxg2 Rh8 24. Rh1 Ree8 25. Rxh8 Rxh8 26. Qf4 Qd8 27. g5 f5
28. Nf6 Qb8 29. Qxb8 Rxb8 30. Re6 Rc8 31. f4 Kf7 32. Re1 Rc7 33. Rh1 Ne7 34.
Rh7+ Ke6 35. Rh1 Kf7 36. Re1 Rc6 37. Kf3 Re6 38. Rh1 Re3+ 39. Kf2 Ng8 40. Rh7+
Kf8 41. Nd7+ Ke8 42. Ne5 b5 43. Rxa7 Rh3 44. Ra8+ Ke7 45. Rxg8 Rh2+ 46. Kg3 Rxc2
47. b4 c4 48. Nc6+ Kf7 49. Rd8 cxd3 50. Nxd4 Rc3 51. Nf3 Rxa3 52. Ne5+ Ke7 53.
Rxd3 Rxd3+ 54. Nxd3 Kd6 55. Ne5 Kd5 56. Nxg6 Kc4 57. Ne7 Kxb4 58. g6 Ka3 59. Nc6
b4 60. Nxb4 Kxb4 61. g7 1-0

[Event "40th Olympiad Women"]
[Site "Istanbul TUR"]
[Date "2012.09.07"]
[Round "10.41"]
[Board "2"]
[White "Chandrasiri, S A K"]
[Black "Chen, I-Chen"]
[Result "1-0"]
[WhiteElo "1731"]
[BlackElo "1684"]
[WhiteTeam "Sri Lanka"]
[BlackTeam "Chinese Taipei"]
[WhiteFideId "9905049"]
[BlackFideId "16300181"]
[EventDate "2012.08.28"]

1. d4 Nf6 2. c4 e6 3. Nf3 d5 4. a3 Be7 5. Nc3 O-O 6. e3 b6 7. Bd3 dxc4 8. Bxc4
Bb7 9. O-O Nbd7 10. Bd3 c5 11. b3 cxd4 12. exd4 Rc8 13. Bb2 Nd5 14. Ne2 h6 15.
Re1 Bd6 16. Qd2 Qf6 17. Be4 Rc7 18. Ng3 Rfc8 19. Nh5 Qe7 20. Rac1 Bxa3 21. Bxa3
Qxa3 22. Ra1 Qxb3 23. Rxa7 Qc4 24. h3 Ba6 25. Bxd5 exd5 26. Rxc7 Qxc7 27. Qb4
Nb8 28. Qb1 Nc6 29. Ng3 Ne7 30. Qb4 Ng6 31. Nf5 Rf8 32. Ne3 Rd8 33. Rb1 Rb8 34.
Nxd5 Qb7 35. Qd6 b5 36. Ra1 b4 37. Rxa6 b3 38. Rb6 Qa7 39. Qxb8+ 1-0

[Event "40th Olympiad Women"]
[Site "Istanbul TUR"]
[Date "2012.09.07"]
[Round "10.41"]
[Board "4"]
[White "Basnayake, I U"]
[Black "Wang, Mi"]
[Result "1-0"]
[WhiteElo "1788"]
[BlackElo "1533"]
[WhiteTeam "Sri Lanka"]
[BlackTeam "Chinese Taipei"]
[WhiteFideId "9901698"]
[BlackFideId "16300483"]
[EventDate "2012.08.28"]

1. e4 e5 2. Nf3 Nc6 3. Bb5 a6 4. Ba4 Nf6 5. O-O b5 6. Bb3 Be7 7. Re1 O-O 8. c3
d6 9. h3 Nb8 10. d4 Nbd7 11. Nbd2 Bb7 12. Bc2 Re8 13. Nf1 Bf8 14. Ng3 g6 15. Bd2
Bg7 16. Qc1 c5 17. d5 Qc7 18. Bh6 Bh8 19. Qg5 Nf8 20. Nh2 N6d7 21. Qd2 f6 22.
Bd1 Bc8 23. a4 Nb6 24. axb5 axb5 25. Rxa8 Nxa8 26. Be2 Bd7 27. Ra1 Qb7 28. f4
Re7 29. fxe5 Rxe5 30. Bf4 Re8 31. Bxd6 Rc8 32. Qe3 Qb6 33. Bxc5 Qxc5 34. Qxc5
Rxc5 35. Rxa8 Kf7 36. Ra7 Ke7 37. Bf3 Rc8 38. Nhf1 Kd8 39. Ne3 Rb8 40. Nc2 f5
41. exf5 gxf5 42. Nb4 Be5 43. Ne2 Bd6 44. Na6 Rc8 45. Nd4 Bf4 46. Kf2 Be5 47.
Nc6+ Bxc6 48. dxc6 h6 49. Rf7 Ne6 50. Rxf5 Bd6 51. Rxb5 Ke8 52. Bg4 Ra8 53. Nb4
Nc7 54. Rb7 Kd8 55. Bf3 Ke7 56. Nd5+ Kd8 57. Nb6 Ra2 58. Nc4 Bc5+ 59. Ke2 Ra8
60. b4 Be7 61. b5 Bc5 62. b6 Nb5 63. Rd7+ Ke8 64. Kd3 Rb8 65. Bh5+ Kf8 66. c7 1-0

[Event "40th Olympiad Women"]
[Site "Istanbul TUR"]
[Date "2012.09.07"]
[Round "10.42"]
[Board "1"]
[White "Barria, Raisa"]
[Black "Gjergji, Rozana"]
[Result "1/2-1/2"]
[WhiteTitle "WCM"]
[WhiteElo "1946"]
[BlackElo "1924"]
[WhiteTeam "Panama"]
[BlackTeam "Albania"]
[WhiteFideId "6600336"]
[BlackFideId "4700147"]
[EventDate "2012.08.28"]

1. d4 d5 2. c4 e6 3. Nc3 Nf6 4. Nf3 a6 5. e3 c5 6. Be2 dxc4 7. a4 Nc6 8. O-O
cxd4 9. exd4 Na5 10. Bg5 Be7 11. Qc2 Bd7 12. Ne5 Rc8 13. Rfe1 O-O 14. Rad1 b5
15. axb5 axb5 16. d5 Nxd5 17. Bxe7 Qxe7 18. Nxd5 exd5 19. Rxd5 Bc6 20. Nxc6 Nxc6
21. Qd2 Rfe8 22. Kf1 Rcd8 23. Bf3 Qxe1+ 24. Qxe1 Rxe1+ 25. Kxe1 Rxd5 26. Bxd5
Nb4 27. Be4 g6 28. Kd2 f5 29. Bb7 Nd3 30. Ba6 Nxb2 31. Bxb5 Kg7 32. f3 Kf6 33.
Kc3 Ke5 1/2-1/2

[Event "40th Olympiad Women"]
[Site "Istanbul TUR"]
[Date "2012.09.07"]
[Round "10.42"]
[Board "2"]
[White "Pasku, Roela"]
[Black "Gonzalez, Yaribeth"]
[Result "0-1"]
[WhiteTitle "WFM"]
[BlackTitle "WCM"]
[WhiteElo "1915"]
[BlackElo "1796"]
[WhiteTeam "Albania"]
[BlackTeam "Panama"]
[WhiteFideId "4700708"]
[BlackFideId "6600344"]
[EventDate "2012.08.28"]

1. d4 d5 2. Nf3 Nf6 3. e3 Nc6 4. c4 Bg4 5. Nc3 e6 6. cxd5 exd5 7. Bd3 Bd6 8. h3
Bh5 9. O-O O-O 10. a3 Qc8 11. b4 a6 12. Be2 h6 13. Nh4 Bxe2 14. Qxe2 g5 15. Nf3
g4 16. hxg4 Qxg4 17. Nd2 Qg6 18. Qf3 Ng4 19. Qxd5 Ne7 20. Qf3 Nh2 21. Qxb7 Nxf1
22. Kxf1 Qd3+ 23. Ke1 Qxc3 24. Rb1 Qc6 0-1

[Event "40th Olympiad Women"]
[Site "Istanbul TUR"]
[Date "2012.09.07"]
[Round "10.42"]
[Board "3"]
[White "Arosemena, Betty"]
[Black "Tuzi, Bruna"]
[Result "0-1"]
[WhiteElo "1657"]
[BlackElo "1546"]
[WhiteTeam "Panama"]
[BlackTeam "Albania"]
[WhiteFideId "6600425"]
[BlackFideId "4701100"]
[EventDate "2012.08.28"]

1. e4 c5 2. Nf3 Nc6 3. d4 cxd4 4. Nxd4 Nf6 5. Nc3 e5 6. Nf3 Bb4 7. Bd3 Bxc3+ 8.
bxc3 O-O 9. O-O b6 10. Ba3 Re8 11. c4 d6 12. Rb1 Be6 13. Ng5 Bc8 14. Nf3 Qc7 15.
Re1 Nd7 16. Bc1 Nc5 17. Bd2 Bg4 18. h3 Bxf3 19. Qxf3 Nd4 20. Qg3 Re6 21. f4 exf4
22. Bxf4 Rae8 23. Qf2 Nc6 24. Re3 Nxe4 25. Qh4 Nf6 26. Rxe6 Rxe6 27. Bg5 h6 28.
Bxf6 Rxf6 29. Qe4 g6 30. Qh4 Kg7 31. Qg3 Ne5 32. Re1 Qc5+ 33. Kh1 Qa3 34. h4 h5
35. Qg5 Qc3 36. Rg1 Nxd3 37. cxd3 Qxd3 38. Qd5 Qg3 39. Qd4 Qf4 40. Rd1 Qxd4 41.
Rxd4 Rf2 42. Rxd6 Rxa2 43. Rc6 Rc2 44. Rc7 a5 45. Rc6 a4 46. Rxb6 Rxc4 47. g3 a3
48. Rb1 a2 49. Ra1 Rc2 0-1

[Event "40th Olympiad Women"]
[Site "Istanbul TUR"]
[Date "2012.09.07"]
[Round "10.42"]
[Board "4"]
[White "Driza, Arta"]
[Black "Munoz, Alba"]
[Result "1-0"]
[WhiteTitle "WCM"]
[BlackTitle "WCM"]
[WhiteElo "1943"]
[BlackElo "1667"]
[WhiteTeam "Albania"]
[BlackTeam "Panama"]
[WhiteFideId "4700694"]
[BlackFideId "6600514"]
[EventDate "2012.08.28"]

1. e4 c6 2. d4 d5 3. exd5 cxd5 4. Bd3 Nc6 5. Nf3 Bg4 6. c3 Nf6 7. Bf4 e6 8. Nbd2
Bd6 9. Bxd6 Qxd6 10. h3 Bh5 11. g4 Bg6 12. Qe2 Bxd3 13. Qxd3 e5 14. dxe5 Nxe5
15. Qb5+ Qc6 16. Qe2 O-O 17. Nxe5 Qd6 18. O-O-O Rfe8 19. f4 Nd7 20. Qh2 Nc5 21.
Nb3 Na4 22. Rd2 b5 23. Rhd1 Nb6 24. Qf2 f6 25. Nd3 a5 26. Qc5 Qxc5 27. Ndxc5 a4
28. Nd4 b4 29. cxb4 Nc4 30. Re2 Rxe2 31. Nxe2 a3 32. b3 Nb6 33. Nd4 Re8 34. Nce6
Rc8+ 35. Kd2 Kf7 36. f5 Nd7 37. Rc1 Rxc1 38. Kxc1 g6 39. Nf4 1-0

[Event "40th Olympiad Women"]
[Site "Istanbul TUR"]
[Date "2012.09.07"]
[Round "10.43"]
[Board "1"]
[White "Al-khelaifi, Aisha"]
[Black "Dahdal, Lougain"]
[Result "0-1"]
[BlackTitle "WIM"]
[WhiteElo "1688"]
[BlackElo "1923"]
[WhiteTeam "Qatar"]
[BlackTeam "Jordan"]
[WhiteFideId "12100625"]
[BlackFideId "8102880"]
[EventDate "2012.08.28"]

1. e4 c5 2. Nf3 Nc6 3. Bb5 d6 4. Bxc6+ bxc6 5. O-O e5 6. d3 Be7 7. Nbd2 f5 8.
Qe2 Nf6 9. exf5 Bxf5 10. Ne4 O-O 11. Ng3 Bd7 12. Ng5 h6 13. N5e4 Nd5 14. Nh5 Nf4
15. Nxf4 exf4 16. Qf3 d5 17. Nc3 Qc7 18. Ne2 Bd6 19. Rd1 Rae8 20. d4 c4 21. b3
Bf5 22. c3 Bc2 23. Rd2 cxb3 24. axb3 Bxb3 25. Bb2 Bc4 26. Re1 Re4 27. Red1 Rfe8
28. Re1 Qe7 29. Kf1 Kh7 30. h3 a6 31. Ba1 Ba3 32. Bb2 Bxb2 33. Rxb2 a5 34. Qh5
a4 35. Qf5+ g6 36. Qg4 Bxe2+ 37. Rexe2 0-1